[Event "XLI Barbera del Valles Open 2018"]
[Site "Barbera del Valles"]
[Date "2018.07.08"]
[Round "5"]
[White "Alsina Leal, Daniel"]
[Black "Perez Mitjans, Orelvis"]
[Result "0-1"]
[WhiteElo "2492"]
[BlackElo "2399"]
[Annotator "ChessBase"]
[PlyCount "102"]
[EventDate "2018.07.04"]
[EventType "swiss"]
[EventCountry "ESP"]
[SourceTitle "playchess.com"]
[Source "ChessBase"]
[SourceQuality "1"]
[TimeControl "5400+30"]

1. e4 e6 {[%emt 0:04:33]} 2. d4 {[%emt 0:03:59]} d5 {[%emt 0:00:06]} 3. Nd2 {[%emt 0:00:23]} Nf6 {[%emt 0:00:08]} 4. e5 {[%emt 0:00:24]} Nfd7 {[%emt 0:00:05]} 5. Bd3 {[%emt 0:00:16]} b6 {[%emt 0:00:10]} 6. Nh3 {[%emt 0:01:21]} Ba6 {[%emt 0:00:14]} 7. Bxa6 {[%emt 0:00:33]} Nxa6 {[%emt 0:00:05]} 8. O-O {[%emt 0:01:23]} c5 {[%emt 0:00:14]} 9. c3 {[%emt 0:00:06]} b5 {[%emt 0:03:15]} 10. Qg4 {[%emt 0:06:52]} c4 {[%emt 0:12:38]} 11. Nf3 {[%emt 0:05:17]} Nb6 {[%emt 0:03:00]} 12. Nf4 {[%emt 0:10:00]} g6 {[%emt 0:09:55]} 13. b3 {[%emt 0:09:58]} Qd7 {[%emt 0:08:07]} 14. bxc4 {[%emt 0:09:08]} Nxc4 {[%emt 0:00:22]} 15. Nd3 {[%emt 0:03:50]} Rc8 {[%emt 0:05:53]} 16. Rb1 {[%emt 0:13:22]} Nb6 {[%emt 0:07:12]} 17. Rb3 {[%emt 0:02:21]} Na4 {[%emt 0:01:02]} 18. Bd2 {[%emt 0:01:15]} Rc4 {[%emt 0:01:53]} 19. h4 {[%emt 0:05:49]} h5 {[%emt 0:01:38]} 20. Qh3 {[%emt 0:06:18]} Bh6 {[%emt 0:20:51]} 21. Bxh6 {[%emt 0:06:15]} Rxh6 {[%emt 0:00:08]} 22. Ng5 {[%emt 0:00:59]} Nc7 {[%emt 0:02:42]} 23. Nb2 {[%emt 0:05:14]} Nxb2 {[%emt 0:00:11]} 24. Rxb2 {[%emt 0:00:03]} Kf8 {[%emt 0:05:38]} 25. Rd2 {[%emt 0:00:42]} Ne8 {[%emt 0:00:47]} 26. Qe3 {[%emt 0:03:00]} Rh8 {[%emt 0:00:22]} 27. f3 {[%emt 0:00:43]} Kg7 {[%emt 0:01:15]} 28. g4 {[%emt 0:00:55]} Qe7 {[%emt 0:01:13]} 29. Rg2 {[%emt 0:00:57]} Nc7 {[%emt 0:00:20]} 30. Kh2 {[%emt 0:01:57]} Na8 {[%emt 0:01:15]} 31. Rfg1 {[%emt 0:00:46]} Nb6 {[%emt 0:00:16]} 32. Qf4 {[%emt 0:01:04]} Kf8 {[%emt 0:01:29]} 33. gxh5 {[%emt 0:00:31]} Rxh5 {[%emt 0:00:06]} 34. Kh3 {[%emt 0:00:45]} Ke8 {[%emt 0:00:23]} 35. Qd2 {[%emt 0:00:32]} Na4 {[%emt 0:00:34]} 36. Rb1 {[%emt 0:00:22]} Nxc3 {[%emt 0:05:30]} 37. Rb3 {[%emt 0:00:04]} b4 {[%emt 0:00:54]} 38. a3 {[%emt 0:00:10]} a5 {[%emt 0:00:01]} 39. axb4 {[%emt 0:00:05]} axb4 {[%emt 0:00:02]} 40. Rg4 {[%emt 0:00:18]} Qa7 {[%emt 0:02:53]} 41. Qb2 {[%emt 0:01:26]} Nd1 {[%emt 0:01:47]} 42. Qd2 {[%emt 0:00:30]} Qa1 {[%emt 0:00:11]} 43. Rg1 {[%emt 0:01:00]} Rxd4 {[%emt 0:00:06]} 44. Qe1 {[%emt 0:00:34]} Rdxh4+ {[%emt 0:00:35]} 45. Qxh4 {[%emt 0:00:31]} Rxh4+ {[%emt 0:00:09]} 46. Kxh4 {[%emt 0:00:03]} Qa2 {[%emt 0:01:13]} 47. Rxb4 {[%emt 0:00:23]} Qf2+ {[%emt 0:00:28]} 48. Rg3 {[%emt 0:00:09]} Ne3 {[%emt 0:00:04]} 49. Rb8+ {[%emt 0:00:57]} Kd7 {[%emt 0:00:05]} 50. Rb7+ {[%emt 0:00:34]} Kc6 {[%emt 0:00:27]} 51. Rxf7 {[%emt 0:00:20]} Nf1 {[%emt 0:00:22]} 0-1

[Event "XLI Barbera del Valles Open 2018"]
[Site "Barbera del Valles"]
[Date "2018.07.08"]
[Round "5"]
[White "Aguero Jimenez, Luis Lazaro"]
[Black "Kumar, Gaurav"]
[Result "1-0"]
[WhiteElo "2473"]
[BlackElo "2074"]
[Annotator "ChessBase"]
[PlyCount "143"]
[EventDate "2018.07.04"]
[EventType "swiss"]
[EventCountry "ESP"]
[SourceTitle "playchess.com"]
[Source "ChessBase"]
[SourceQuality "1"]
[TimeControl "5400+30"]

1. e4 {[%emt 0:00:00]} e5 {[%emt 0:00:00]} 2. Nf3 {[%emt 0:00:00]} Nc6 {[%emt 0:00:00]} 3. Bb5 {[%emt 0:00:00]} a6 {[%emt 0:00:00]} 4. Ba4 {[%emt 0:00:00]} Nf6 {[%emt 0:00:02]} 5. O-O {[%emt 0:00:00]} Be7 {[%emt 0:00:10]} 6. Bxc6 {[%emt 0:00:00]} dxc6 {[%emt 0:00:17]} 7. Nc3 Nd7 {[%emt 0:01:40]} 8. d4 {[%emt 0:00:03]} exd4 {[%emt 0:00:06]} 9. Nxd4 {[%emt 0:00:00]} O-O {[%emt 0:02:41]} 10. Qe2 {[%emt 0:00:09]} Re8 {[%emt 0:14:32]} 11. Bf4 {[%emt 0:03:45]} Bd6 {[%emt 0:00:45]} 12. Bxd6 {[%emt 0:03:14]} cxd6 {[%emt 0:20:10]} 13. Qd2 {[%emt 0:00:34]} Ne5 {[%emt 0:05:50]} 14. b3 {[%emt 0:04:40]} Qh4 {[%emt 0:04:48]} 15. f4 {[%emt 0:01:38]} Ng4 {[%emt 0:16:44]} 16. Nf3 Qh6 {[%emt 0:02:01]} 17. Rae1 {[%emt 0:44:13]} f5 {[%emt 0:02:03]} 18. h3 {[%emt 0:09:17]} Nf6 19. e5 {[%emt 0:00:05]} dxe5 {[%emt 0:08:22]} 20. fxe5 {[%emt 0:00:01]} Qxd2 {[%emt 0:01:29]} 21. Nxd2 Nh5 {[%emt 0:06:15]} 22. Nc4 {[%emt 0:00:42]} f4 {[%emt 0:00:07]} 23. Nd6 {[%emt 0:11:51]} Re7 {[%emt 0:02:31]} 24. Ne2 {[%emt 0:00:07]} g5 {[%emt 0:02:01]} 25. Nd4 {[%emt 0:00:15]} Ng3 {[%emt 0:00:42]} 26. Rf2 {[%emt 0:00:09]} c5 {[%emt 0:00:19]} 27. Nf3 {[%emt 0:00:49]} h6 {[%emt 0:02:57]} 28. Nd2 {[%emt 0:01:04]} Bf5 {[%emt 0:02:16]} 29. Nf1 Bg6 {[%emt 0:00:02]} 30. Nxg3 {[%emt 0:00:50]} fxg3 {[%emt 0:00:20]} 31. Rf3 {[%emt 0:06:47]} Rd8 32. Ree3 {[%emt 0:00:02]} Bxc2 {[%emt 0:02:24]} 33. Rxg3 {[%emt 0:01:00]} b6 {[%emt 0:00:35]} 34. h4 {[%emt 0:04:25]} Rg7 {[%emt 0:02:03]} 35. Rc3 {[%emt 0:01:43]} Bb1 {[%emt 0:02:00]} 36. hxg5 {[%emt 0:00:17]} hxg5 37. Rc1 {[%emt 0:00:05]} Bh7 {[%emt 0:01:06]} 38. Rc4 {[%emt 0:02:20]} Kf8 {[%emt 0:00:53]} 39. a4 {[%emt 0:01:14]} a5 {[%emt 0:00:29]} 40. Rcg4 {[%emt 0:02:21]} Bc2 {[%emt 0:00:06]} 41. Rc4 {[%emt 0:01:19]} Bb1 {[%emt 0:00:07]} 42. Rc1 {[%emt 0:01:02]} Bh7 {[%emt 0:00:50]} 43. Rf1+ {[%emt 0:01:36]} Ke7 {[%emt 0:01:08]} 44. Rf6 {[%emt 0:00:57]} Bc2 {[%emt 0:00:31]} 45. Rc3 {[%emt 0:01:26]} Bh7 {[%emt 0:00:27]} 46. Rh3 {[%emt 0:00:35]} Bc2 {[%emt 0:00:31]} 47. Rhh6 {[%emt 0:01:58]} Rdg8 {[%emt 0:00:35]} 48. Re6+ {[%emt 0:00:47]} Kd8 {[%emt 0:00:28]} 49. Nc4 {[%emt 0:00:30]} Rg6 {[%emt 0:00:13]} 50. Rxb6 {[%emt 0:00:02]} Rxh6 {[%emt 0:00:20]} 51. Rxh6 {[%emt 0:00:14]} Bxb3 {[%emt 0:00:55]} 52. Nxa5 {[%emt 0:00:05]} Bxa4 53. Nb7+ {[%emt 0:00:01]} Kc7 {[%emt 0:00:56]} 54. Nxc5 {[%emt 0:01:19]} Bc6 {[%emt 0:00:35]} 55. Ne6+ {[%emt 0:00:13]} Kb7 {[%emt 0:00:24]} 56. Nd4 {[%emt 0:01:22]} Be4 {[%emt 0:00:42]} 57. Rd6 {[%emt 0:00:24]} g4 {[%emt 0:00:29]} 58. g3 {[%emt 0:00:23]} Re8 {[%emt 0:00:26]} 59. e6 {[%emt 0:00:19]} Kc7 {[%emt 0:00:15]} 60. Nb5+ {[%emt 0:00:24]} Kb7 {[%emt 0:00:28]} 61. Rd4 {[%emt 0:00:50]} Kb6 {[%emt 0:00:01]} 62. Nd6 {[%emt 0:00:30]} Kc5 {[%emt 0:00:03]} 63. Nxe8 {[%emt 0:00:30]} Kxd4 {[%emt 0:00:43]} 64. e7 {[%emt 0:00:00]} Ke3 {[%emt 0:00:05]} 65. Nc7 Bc6 {[%emt 0:00:02]} 66. e8=Q+ {[%emt 0:00:37]} Bxe8 {[%emt 0:00:02]} 67. Nxe8 {[%emt 0:00:00]} Kf3 {[%emt 0:00:05]} 68. Kh2 {[%emt 0:00:00]} Kf2 {[%emt 0:00:03]} 69. Nf6 Kf3 {[%emt 0:00:05]} 70. Nh5 {[%emt 0:00:28]} Kf2 71. Nf4 {[%emt 0:00:01]} Kf3 {[%emt 0:00:39]} 72. Ng6 1-0

[Event "XLI Barbera del Valles Open 2018"]
[Site "Barbera del Valles"]
[Date "2018.07.08"]
[Round "5"]
[White "Himanshu, Sharma"]
[Black "Stella, Andrea"]
[Result "1/2-1/2"]
[WhiteElo "2420"]
[BlackElo "2504"]
[Annotator "TA"]
[PlyCount "74"]
[EventDate "2018.07.04"]
[EventType "swiss"]
[EventCountry "ESP"]
[SourceTitle "playchess.com"]
[Source "ChessBase"]
[SourceQuality "1"]

{[%evp 27,74,5,7,7,6,4,13,7,5,0,0,0,0,0,0,0,0,0,0,0,0,0,0,0,0,-6,0,0,0,0,0,0,14,22,16,10,9,0,0,0,0,0,0,0,0,0,0,-248,-77]} 1. e4 e5 2. Nf3 Nc6 3. Bb5 Nf6 4. O-O Nxe4 5. Re1 Nd6 6. Nxe5 Be7 7. Bf1 Nxe5 8. Rxe5 O-O 9. d4 Bf6 10. Re1 Re8 {C67: Ruy Lopez: Berlin Defence: 4 0-0 Nxe4} (10... Nf5 11. d5 Re8 12. Rxe8+ Qxe8 13. Qd3 d6 14. Nd2 Bg5 15. Nf3 Bxc1 16. Rxc1 Bd7 17. Re1 Qd8 18. Qc4 {1-0 (31) Carlsen,M (2843)-Aronian,L (2764) Stavanger 2018}) 11. c3 Rxe1 12. Qxe1 Ne8 13. Bf4 d5 14. Bd3 g6 {LiveBook: 44 Games} 15. Nd2 Ng7 16. Nf3 c6 17. Qd2 Bf5 18. Re1 Bxd3 19. Qxd3 {[#]} Qb6 $146 20. Re2 Re8 21. h3 Qa5 (21... Qd8 {looks sharper.} 22. Qd1 h5 23. Kf1 Ne6 24. Bh2 Ng5) 22. a3 Rxe2 23. Qxe2 Ne6 24. Be5 Qd8 25. g3 Be7 26. Ne1 Ng5 27. h4 Ne4 28. Nd3 Bd6 29. Kg2 Bxe5 30. dxe5 Qe7 31. Qg4 Kg7 32. f3 Nc5 33. Nxc5 Qxc5 34. Qg5 Qb5 {Threatens to win with ...Qe2+.} 35. Qf6+ Kg8 36. Qd8+ Kg7 {Strongly threatening ...Qe2+.} 37. Qg5 $2 {[#]} (37. Qf6+ $11 {and White is okay.} Kg8 38. Qd8+ Kg7 39. Qf6+) 37... Qxb2+ $2 {Precision: White = 48%, Black = 77%.} (37... Qe2+ $1 $19 {and Black stays clearly on top.} 38. Kg1 Qxf3) 1/2-1/2

[Event "XLI Barbera del Valles Open 2018"]
[Site "Barbera del Valles"]
[Date "2018.07.08"]
[Round "5"]
[White "Neelash Saha"]
[Black "Guseinov, Gadir"]
[Result "0-1"]
[WhiteElo "2319"]
[BlackElo "2654"]
[Annotator "TA"]
[PlyCount "78"]
[EventDate "2018.07.04"]
[EventType "swiss"]
[EventCountry "ESP"]
[SourceTitle "playchess.com"]
[Source "ChessBase"]
[SourceQuality "1"]

{[%evp 25,78,66,68,54,104,54,74,71,67,20,95,-17,-26,-24,-25,-22,-7,-179,-185,-188,-166,-164,-139,-161,-167,-654,-587,-658,-658,-648,-651,-642,-629,-608,-647,-6275,-6203,-5277,-5297,-1671,-929,-917,-906,-863,-881,-849,-855,-856,-852,-1012,-1005,-1004,-959,-2182,-1108]} 1. d4 g6 2. c4 Bg7 3. Nc3 d6 4. e4 Nf6 5. h3 O-O 6. Be3 Na6 7. Nf3 e5 8. d5 Nc5 9. Nd2 Nh5 {E90: King's Indian: Classical: Early deviations and 6 h3} (9... a5 10. g4 c6 11. Be2 a4 12. g5 Nfd7 13. h4 Qa5 14. a3 f5 15. f3 cxd5 16. cxd5 b5 17. Bxb5 Ba6 18. Bxa6 Qxa6 19. Qe2 {½-½ (35) Bosiocic,M (2611)-Jones,G (2651) Batumi 2018}) 10. g3 {[%cal Bg2g3,Bg3g4,Bg4g5][%mdl 32]} a5 11. Be2 Nf6 12. g4 Ne8 13. h4 f5 {LiveBook: 14 Games} 14. f3 c6 15. g5 cxd5 $146 ({Predecessor:} 15... Nc7 16. Nb3 Nxb3 17. Qxb3 c5 18. a4 Na6 19. Kd2 Nb4 20. Rag1 {0-1 (62) Norris,A (2285)-McNab,C (2490) Aviemore 1997}) 16. cxd5 Bd7 17. Nc4 fxe4 (17... b5 $11 {keeps the balance.} 18. Nxd6 Nxd6 19. Bxc5 Qc7) 18. fxe4 (18. Nxe4 $16 b6 19. Rc1 (19. Nexd6 Nxd6 20. Bxc5 Nxc4 $19)) 18... b5 $1 $11 {[%cal Rb5c4]} 19. Nxd6 $1 Nxd6 20. Bxc5 Qc7 21. b4 $2 {[#]} (21. Be3 $11 {and White has nothing to worry.}) 21... axb4 $1 $19 22. Bxb4 Rf4 23. Qd3 Bf8 {[%cal Bg7f8,Bf8b4,Bb4c3][%mdl 32]} 24. Rf1 Rxh4 25. Qg3 $2 (25. Rc1) 25... Nf5 {Black is clearly winning.} 26. exf5 Bxb4 27. Qxh4 Bxc3+ 28. Kf2 {Black should prevent fxg6!} Bxf5 29. Rac1 Rxa2 {[#] And now ...Qc5+ would win.} 30. Rfd1 Qc5+ 31. Kf1 Qe3 32. Qf2 Rxe2 {[%csl Ge2][%cal Re3f2]} 33. Qxe3 Rxe3 34. d6 Bd7 35. Kf2 Rh3 36. Kg2 b4 37. Rc2 Rh5 38. Ra2 Rxg5+ 39. Kh2 Kf7 {Precision: White = 21%, Black = 66%.} 0-1

[Event "XLI Barbera del Valles Open 2018"]
[Site "Barbera del Valles"]
[Date "2018.07.08"]
[Round "5"]
[White "Saptorshi, Gupta"]
[Black "Oliva Castaneda, Kevel"]
[Result "0-1"]
[WhiteElo "2091"]
[BlackElo "2491"]
[Annotator "ChessBase"]
[PlyCount "90"]
[EventDate "2018.07.04"]
[EventType "swiss"]
[EventCountry "ESP"]
[SourceTitle "playchess.com"]
[Source "ChessBase"]
[SourceQuality "1"]
[TimeControl "5400+30"]

1. e4 c5 2. Ne2 Nc6 3. Nbc3 e6 4. g3 Nf6 5. Bg2 Be7 6. d4 cxd4 7. Nxd4 O-O 8. O-O d5 9. Be3 Ne5 10. exd5 exd5 11. Bg5 Nc4 12. Rb1 Nb6 13. Nde2 Bf5 14. Nf4 d4 15. Bxf6 Bxf6 16. Ncd5 Rc8 17. Rc1 Nxd5 18. Nxd5 Bg5 19. f4 Bf6 20. Re1 Rc5 21. Nxf6+ Qxf6 22. Be4 Be6 23. Qd3 g6 24. Rcd1 Rd8 25. c3 Bxa2 26. cxd4 Rc4 27. d5 Qxb2 28. d6 Qb6+ 29. Kh1 Rc5 30. Bg2 Be6 31. Qd4 Rb5 32. Qd3 Rb3 33. Qd2 Rb2 34. Qc3 Qf2 35. Qf3 Qxf3 36. Bxf3 Rb6 37. Ra1 a6 38. Red1 h5 39. Kg1 Kf8 40. Rd4 Ke8 41. Rad1 Kd7 42. Rc1 Rc8 43. Rxc8 Kxc8 44. Rd2 Kd7 45. Rc2 Kxd6 0-1

[Event "XLI Barbera del Valles Open 2018"]
[Site "Barbera del Valles"]
[Date "2018.07.08"]
[Round "5"]
[White "Kadam Om, Manish"]
[Black "Torre, Eugenio"]
[Result "1/2-1/2"]
[WhiteElo "1836"]
[BlackElo "2460"]
[Annotator "ChessBase"]
[PlyCount "59"]
[EventDate "2018.07.04"]
[EventType "swiss"]
[EventCountry "ESP"]
[SourceTitle "playchess.com"]
[Source "ChessBase"]
[SourceQuality "1"]
[TimeControl "5400+30"]

1. e4 {[%emt 0:04:55]} e5 {[%emt 0:00:00]} 2. Nf3 {[%emt 0:00:55]} Nc6 {[%emt 0:00:00]} 3. Bc4 {[%emt 0:00:05]} Nf6 {[%emt 0:00:04]} 4. d3 {[%emt 0:00:08]} Be7 {[%emt 0:00:20]} 5. O-O {[%emt 0:00:14]} O-O {[%emt 0:00:10]} 6. Re1 {[%emt 0:00:23]} d6 {[%emt 0:00:12]} 7. a4 {[%emt 0:00:06]} Na5 {[%emt 0:00:42]} 8. Ba2 {[%emt 0:00:11]} c5 {[%emt 0:00:07]} 9. c3 {[%emt 0:02:10]} Nc6 {[%emt 0:01:04]} 10. Na3 {[%emt 0:00:20]} a6 {[%emt 0:01:29]} 11. Nc2 {[%emt 0:01:47]} Be6 {[%emt 0:01:46]} 12. Ne3 {[%emt 0:03:02]} Bxa2 {[%emt 0:03:51]} 13. Rxa2 {[%emt 0:00:41]} g6 14. Nd5 {[%emt 0:07:15]} Nxd5 {[%emt 0:06:07]} 15. exd5 {[%emt 0:00:07]} Nb8 {[%emt 0:00:11]} 16. d4 cxd4 {[%emt 0:20:51]} 17. cxd4 {[%emt 0:01:36]} Nd7 {[%emt 0:02:04]} 18. dxe5 {[%emt 0:01:59]} Nxe5 {[%emt 0:00:07]} 19. Nxe5 {[%emt 0:00:06]} dxe5 {[%emt 0:00:08]} 20. Bh6 {[%emt 0:00:52]} Re8 {[%emt 0:07:14]} 21. Rxe5 Qc7 22. Qe2 {[%emt 0:02:01]} Qd7 {[%emt 0:01:51]} 23. Ra1 Bf6 {[%emt 0:05:22]} 24. Rxe8+ {[%emt 0:05:05]} Rxe8 {[%emt 0:00:11]} 25. Qd2 {[%emt 0:00:06]} Rd8 26. Re1 Qxa4 {[%emt 0:08:39]} 27. d6 {[%emt 0:07:21]} Qc6 {[%emt 0:08:47]} 28. d7 {[%emt 0:02:00]} Bg7 {[%emt 0:00:40]} 29. Bxg7 {[%emt 0:02:29]} Kxg7 {[%emt 0:00:05]} 30. Rd1 {[%emt 0:00:12]} 1/2-1/2

[Event "XLI Barbera del Valles Open 2018"]
[Site "Barbera del Valles"]
[Date "2018.07.09"]
[Round "6"]
[White "Guseinov, Gadir"]
[Black "Iniyan, P."]
[Result "1/2-1/2"]
[WhiteElo "2654"]
[BlackElo "2451"]
[Annotator "TA"]
[PlyCount "54"]
[EventDate "2018.07.04"]
[EventType "swiss"]
[EventCountry "ESP"]
[SourceTitle "playchess.com"]
[Source "ChessBase"]
[SourceQuality "1"]

{[%evp 14,54,97,32,45,50,116,113,105,103,83,41,95,54,74,0,15,2,6,-65,0,0,0,0,0,0,0,0,0,0,0,0,0,0,0,0,0,0,0,0,0,0,0]} 1. e4 c5 2. Nc3 a6 3. Nf3 b5 4. d4 cxd4 5. Nxd4 Bb7 6. Bd3 e6 7. O-O Bc5 {[#]} 8. Be3 {LiveBook: 3 Partien. B43: Sizilianisch (Paulsen-Variante)} ({Günstiger ist} 8. Nb3 $1 $16 {[%cal Rb3c5]} Be7 9. Qg4) 8... d6 9. Qg4 Nf6 ({Besser ist} 9... Kf8 $14) 10. Qxg7 $16 {Weiß steht besser.} Rg8 11. Qh6 Nbd7 12. Rad1 $146 ({Vorgänger:} 12. a3 Ne5 13. f3 Rg6 14. Qh4 Nfg4 15. Qxd8+ Rxd8 16. fxg4 Nxg4 {0-1 (33) Starostits,I (2472)-Bauer,C (2609) Geneve 2007}) 12... Qb6 (12... Rg6 $14 13. Qh4 Rc8) 13. Nce2 d5 14. exd5 (14. e5 $16 Ng4 15. Qxh7) 14... Nxd5 $11 15. Be4 N7f6 $1 {[%cal Rf6e4]} 16. Bf3 (16. Bxd5 $1 $11 Nxd5 17. Ng3) 16... Rg6 (16... e5 $1 $15) 17. Qh3 $1 {Die Stellung ist ausgeglichen.} e5 18. Nf5 {[#] Und Lxd5 würde nun gewinnen.} Bxe3 19. Nxe3 (19. fxe3 Nxe3 20. Nxe3 Qxe3+ 21. Rf2 e4 $19) 19... Nxe3 20. Bxb7 ({Falsch wäre} 20. fxe3 $2 Qxe3+ 21. Kh1 e4 $19) 20... Nxd1 21. Bxa8 Ng4 {[%cal Rd1f2]} 22. Qf3 $1 $36 {[%mdl 2048] Schwarz steht unter Druck.} ({Nicht} 22. Qxh7 $2 Ndxf2 23. h4 (23. Qh8+ $2 Kd7 $19) 23... Rf6 $19) 22... Ndxf2 $1 23. Rxf2 Rf6 24. Qxg4 Rxf2 25. Bc6+ $1 Kf8 {( -> ...Txe2+)} 26. Qc8+ Kg7 27. Qg4+ Kf8 {Precision: Weiß = 57%, Schwarz = 63%.} (27... Kh8 $5 28. Qc8+ $8 Kg7 29. Qg4+ Kf8 30. Qb4+ Kg8 31. Qg4+ Kf8 $11) 1/2-1/2

[Event "XLI Barbera del Valles Open 2018"]
[Site "Barbera del Valles"]
[Date "2018.07.09"]
[Round "6"]
[White "Guliyev, Namig"]
[Black "Himanshu, Sharma"]
[Result "1/2-1/2"]
[WhiteElo "2545"]
[BlackElo "2420"]
[Annotator "TA"]
[PlyCount "116"]
[EventDate "2018.07.04"]
[EventType "swiss"]
[EventCountry "ESP"]
[SourceTitle "playchess.com"]
[Source "ChessBase"]
[SourceQuality "1"]

{[%evp 18,116,47,47,51,32,31,22,55,35,43,-3,25,38,42,10,14,23,73,62,123,88,101,114,113,85,84,97,87,92,100,91,116,114,100,92,108,73,65,68,105,27,27,24,25,6,14,14,37,0,0,0,0,0,0,0,0,0,0,0,0,0,0,0,14,14,14,14,15,0,14,21,28,0,0,0,1,0,0,0,0,0,0,0,0,0,0,0,0,0,0,0,0,0,0,0,0,0,0,0,0]} 1. e4 c5 2. Nf3 Nc6 3. d4 cxd4 4. Nxd4 e6 5. Nb5 d6 6. c4 Nf6 7. N1c3 a6 8. Nd4 Qa5 {B44: Sicilian: Taimanov: 5 Nb5} 9. Nb3 Qc7 10. Be3 {LiveBook: 4 Games} b6 {White is slightly better.} 11. f4 $146 ({Predecessor:} 11. Rc1 Ne5 12. f4 Ned7 13. Bd3 Bb7 14. O-O Be7 15. Bb1 Rc8 16. h3 {0-1 (42) Mosadeghpour,M (2510)-Firouzja,A (2521) Hamedan 2017}) 11... Bb7 12. Rc1 Nb8 13. Qf3 Nbd7 14. g4 {[%cal Bg2g4,Bg4g5][%mdl 32]} Nc5 15. Nxc5 bxc5 16. g5 Nd7 17. Bg2 Be7 18. O-O O-O (18... O-O-O $14) 19. Rce1 Nb6 20. b3 Rae8 21. Bc1 f6 22. Qg4 Bd8 23. h4 f5 24. exf5 exf5 25. Qh3 Bxg2 26. Kxg2 Qc6+ 27. Qf3 Qxf3+ 28. Kxf3 h5 {[#]} 29. Rxe8 ({White should try} 29. gxh6 $1 $16 {Threatens to win with Rxe8.} Rxe1 30. Rxe1) 29... Rxe8 $11 30. Rd1 Re6 31. Ne2 g6 32. Bd2 Nc8 33. Ng3 Ne7 34. Bc3 Nc6 35. Nf1 Ba5 36. Bf6 Bd8 37. Bb2 Nb4 38. a3 Nc6 39. Ne3 Kf7 40. Rd3 Ke8 41. Bc3 a5 42. Nd5 Kf7 43. Ne3 Ke8 44. Nc2 Be7 45. Rd1 Kf7 {The position is equal.} 46. Ne3 Bf8 47. Nc2 Bg7 48. Bxg7 Kxg7 {[%mdl 4096] Endgame KRN-KRN} 49. Rd3 Kf7 50. Re3 Nd8 51. b4 cxb4 52. axb4 Rxe3+ 53. Kxe3 axb4 54. Nxb4 {KN-KN} Ne6 55. Nd5 Nc5 56. Nc3 Ke6 57. Nb5 Kd7 58. Nc3 Ke6 {Precision: White = 51%, Black = 68%.} 1/2-1/2

[Event "XLI Barbera del Valles Open 2018"]
[Site "Barbera del Valles"]
[Date "2018.07.09"]
[Round "6"]
[White "Stella, Andrea"]
[Black "Gonzales, Jayson"]
[Result "1/2-1/2"]
[WhiteElo "2504"]
[BlackElo "2367"]
[Annotator "TA"]
[PlyCount "59"]
[EventDate "2018.07.04"]
[EventType "swiss"]
[EventCountry "ESP"]
[SourceTitle "playchess.com"]
[Source "ChessBase"]
[SourceQuality "1"]

{[%evp 20,59,19,23,18,19,26,22,21,17,25,16,28,30,32,30,19,0,0,-19,-18,-15,-14,-18,-20,-25,-22,-27,-21,-20,-18,-27,-10,-31,-20,-20,-20,-24,0,0,0,0]} 1. d4 d5 2. c4 e6 3. Nc3 c6 {[%cal Bc7c6,Bc6c5][%mdl 32]} 4. e4 dxe4 5. Nxe4 Bb4+ 6. Nc3 c5 7. a3 Ba5 8. Be3 {D31: Queen's Gambit Declined: Semi-Slav without ...Nf6 (+ Marshall Gambit and Noteboom) and Exchange Variation lines without ...Nf6} (8. Nf3 Nf6 9. Be3 Nc6 10. Qd3 Ng4 11. O-O-O cxd4 12. Nxd4 Nxe3 13. fxe3 O-O 14. Nxc6 bxc6 15. Qe4 Qe7 {1-0 (38) Wang,H (2717)-Ding,L (2766) Huaian 2016}) 8... Nf6 9. Nge2 cxd4 10. Qxd4 Qxd4 11. Nxd4 {LiveBook: 4 Games} Bxc3+ 12. bxc3 O-O 13. Be2 e5 14. Nb5 {[#] Strongly threatening Nc7.} Nc6 15. f3 $146 ({Predecessor:} 15. O-O Rd8 16. Rfe1 a6 17. Nc7 Rb8 18. Red1 Bg4 19. f3 Bf5 20. Nd5 Be6 21. Nc7 Bf5 22. Nd5 {½-½ (22) Moeller,A (2289)-Schulz,K (2135) GER email 2013}) 15... Be6 16. Nc7 Rac8 17. Nxe6 fxe6 18. Rb1 b6 19. Rb5 Na5 $36 {[%mdl 2048] Black has some pressure.} 20. c5 Nd5 $1 {[%csl LRc3,LRe3]} 21. cxb6 Nxe3 22. Rxa5 axb6 23. Rxe5 Nxg2+ ({Reject} 23... Rxc3 $6 24. Kd2 $16) 24. Kf2 Nf4 25. Rc1 Ra8 26. Ra1 Rfc8 27. c4 Nxe2 28. Rxe2 Rxc4 29. Rxe6 b5 30. Rb6 {Precision: White = 68%, Black = 61%.} 1/2-1/2

[Event "XLI Barbera del Valles Open 2018"]
[Site "Barbera del Valles"]
[Date "2018.07.09"]
[Round "6"]
[White "Oliva Castaneda, Kevel"]
[Black "Aguero Jimenez, Luis Lazaro"]
[Result "1/2-1/2"]
[WhiteElo "2491"]
[BlackElo "2473"]
[Annotator "ChessBase"]
[PlyCount "21"]
[EventDate "2018.07.04"]
[EventType "swiss"]
[EventCountry "ESP"]
[SourceTitle "playchess.com"]
[Source "ChessBase"]
[SourceQuality "1"]
[TimeControl "5400+30"]

1. Nf3 {[%emt 0:00:00]} d5 {[%emt 0:00:00]} 2. g3 {[%emt 0:00:00]} Bg4 {[%emt 0:01:17]} 3. Bg2 {[%emt 0:00:37]} Nd7 {[%emt 0:00:20]} 4. O-O {[%emt 0:01:31]} e5 {[%emt 0:01:19]} 5. d3 {[%emt 0:01:35]} Ngf6 {[%emt 0:01:13]} 6. Nbd2 {[%emt 0:01:37]} Bc5 {[%emt 0:11:39]} 7. h3 {[%emt 0:01:23]} Bh5 {[%emt 0:00:27]} 8. e4 {[%emt 0:00:16]} dxe4 {[%emt 0:00:13]} 9. dxe4 {[%emt 0:00:05]} O-O {[%emt 0:00:16]} 10. Qe1 {[%emt 0:00:06]} Re8 {[%emt 0:01:13]} 11. Nb3 {[%emt 0:09:05]} 1/2-1/2

[Event "XLI Barbera del Valles Open 2018"]
[Site "Barbera del Valles"]
[Date "2018.07.09"]
[Round "6"]
[White "Cori, Kevin J."]
[Black "Martinez Alcantara, Jose Eduardo"]
[Result "1/2-1/2"]
[WhiteElo "2487"]
[BlackElo "2545"]
[Annotator "ChessBase"]
[PlyCount "36"]
[EventDate "2018.07.04"]
[EventType "swiss"]
[EventCountry "ESP"]
[SourceTitle "playchess.com"]
[Source "ChessBase"]
[SourceQuality "1"]
[TimeControl "5400+30"]

1. e4 {[%emt 0:00:00]} e6 {[%emt 0:00:00]} 2. d4 {[%emt 0:00:00]} d5 {[%emt 0:00:00]} 3. exd5 {[%emt 0:00:50]} exd5 {[%emt 0:00:00]} 4. Nf3 {[%emt 0:00:07]} Bd6 {[%emt 0:00:00]} 5. Bg5 {[%emt 0:00:48]} Nf6 {[%emt 0:00:00]} 6. Bd3 {[%emt 0:00:31]} O-O {[%emt 0:00:49]} 7. O-O {[%emt 0:01:06]} Bg4 {[%emt 0:00:43]} 8. h3 {[%emt 0:01:02]} Bh5 {[%emt 0:00:19]} 9. Nbd2 {[%emt 0:01:24]} Nbd7 {[%emt 0:00:28]} 10. Re1 Re8 11. c3 {[%emt 0:01:26]} Rxe1+ {[%emt 0:00:46]} 12. Qxe1 {[%emt 0:00:06]} Bxf3 {[%emt 0:00:06]} 13. Nxf3 h6 {[%emt 0:00:00]} 14. Bxf6 {[%emt 0:03:42]} Qxf6 {[%emt 0:00:41]} 15. Qe2 Qe7 {[%emt 0:00:02]} 16. Qxe7 {[%emt 0:02:17]} Bxe7 {[%emt 0:00:08]} 17. Re1 {[%emt 0:00:12]} Kf8 {[%emt 0:00:41]} 18. Kf1 g6 1/2-1/2